Ein lateinisches Gedicht von 1658 über eine Pestepidemie in Neustettin
| Titel: | Ein lateinisches Gedicht von 1658 über eine Pestepidemie in Neustettin / Siegmar Döpp |
|---|---|
| Verfasser: | |
| In: |
Daphnis, Band 43, Heft 1 (2015), Seite 73-96 alle Artikel anzeigen |
| Veröffentlicht: | 2015 |
| Format: | Aufsatz |
| Sprache: | Deutsch |
X
alg: 42843800
001A $03025:12-04-18
001B $06050:18-01-19 $t16:28:14.000
001C $03025:12-04-18 $t12:16:55.000
001D $03025:12-04-18
001U $0utf8
001X $00
002@ $0Oou
002C $aText $btxt $2rdacontent
002D $aComputermedien $bc $2rdamedia
002E $aOnline-Ressource $bcr $2rdacarrier
003@ $0428438008
004P $010.1163/18796583-04301004
007A $0428438008 $aHEB
010@ $ager
010E $erda
011@ $a2015
021A $aEin @lateinisches Gedicht von 1658 über eine Pestepidemie in Neustettin $hSiegmar Döpp
028A $BVerfasser $#Chigŭmarŭ Toep'ŭ $#Toep'ŭ, Chigŭmarŭ $#Si geu ma leu Doe peu $#Doe peu, Si geu ma leu $#지그마르 되프 $#되프, 지그마르 $4aut $7106390597 $8Döpp, Siegmar$Z1941- [Tp1] $9141373229
031A $d43 $e1 $h73-96 $j2015
037A $aEnglische Zusammenfassung, Seite 73; deutsche Zusammenfassung, Seite 73-74
039B $aEnthalten in $8--Obvc--. Daphnis. - Leiden {[u.a.] : Brill Rodopi, 1978-. - Online-Ressource. - ISSN 1879-6583 $x201500000430001927 $9079276997
044K $71155951123 $8Alwart, Christian$Z1624-1696 [Tp1] $9428438857
044K $RLatinofaliskisch $RLatinistik $#Latin language $#Latin (langue) $#Lateinisch $#Lateinische Sprache $74114364-4 $8Latein [Tsz] $9085341924
044K $RLiteratur $RDas @Lyrische $#Poetry $#Poetry History and criticism $#Lyric poetry $#Poésie $#Poésie lyrique $#Poesia lirica $#Poesía $#Poesía lírica $#Gedicht Lyrik $#Poem Lyrik $#Dichtung Lyrik $#Poesie $#Lyrisches Werk $#Lyrikwerk $#Gedichtwerk $74036774-5 $8Lyrik [Tsz] $9085099805
044K $RYersiniose $#Plague $#Peste $#Peste $#Peste $#Plague $#Pestis $#Schwarzer Tod $74045326-1 $8Pest [Ts1] $9085127167
044K $RNeustettin $#Neustettin $7502507-2 $8Szczecinek [Tg1] $9041437160
045R $aGeschichte 1658
045T $a7,20
045T $aAVL $qDE-30 $2FID
045T $aGER $qDE-30 $2FID
lok: 42843800 78
exp: 42843800 78 1 #EPN
201B/01 $012-04-18 $t11:53:11.000
201C/01 $012-04-18
201U/01 $0utf8
203@/01 $01021017140
208@/01 $a12-04-18 $be
209A/01 $a/ $f000 $x00
209A/01 $ab*p $x01
220C/01 $apgar
244Z/01 $#Pommern $#Pommern $#Herzogtum Pommern $#Herzogthum Pommern $#Provinz Pommern $#Pomorze $74046744-2 $8--Tg1--Pommern $x01 $9085130354
247C/01 $82080>Marburg/Lahn, Herder-Institut, Forschungsbibliothek, Bibliographieportal $9336309341
| LEADER | 00000caa a2200000 c 4500 | ||
|---|---|---|---|
| 001 | 428438008 | ||
| 003 | DE-603 | ||
| 005 | 20190118162814.0 | ||
| 007 | cr|||||||||||| | ||
| 008 | 180412s2015 xx |||| o| u00||u|ger c | ||
| 024 | 7 | |a 10.1163/18796583-04301004 |2 doi | |
| 035 | |a (DE-599)HEB428438008 | ||
| 040 | |a DE-603 |b ger |c DE-603 |d DE-603 |e rda | ||
| 041 | |a ger | ||
| 084 | |a 7,20 |2 ssgn | ||
| 084 | |a AVL |q DE-30 |2 fid | ||
| 084 | |a GER |q DE-30 |2 fid | ||
| 100 | 1 | |a Döpp, Siegmar |d 1941- |e Verfasser |4 aut |0 (DE-603)141373229 |0 (DE-588)106390597 |2 gnd | |
| 245 | 0 | 0 | |a Ein lateinisches Gedicht von 1658 über eine Pestepidemie in Neustettin |c Siegmar Döpp |
| 264 | 0 | |c 2015 | |
| 336 | |a Text |b txt |2 rdacontent | ||
| 337 | |a Computermedien |b c |2 rdamedia | ||
| 338 | |a Online-Ressource |b cr |2 rdacarrier | ||
| 500 | |a Englische Zusammenfassung, Seite 73; deutsche Zusammenfassung, Seite 73-74 | ||
| 600 | 1 | 7 | |a Alwart, Christian |d 1624-1696 |0 (DE-588)1155951123 |0 (DE-603)428438857 |2 gnd |
| 648 | 7 | |a Geschichte 1658 |2 gnd | |
| 650 | 7 | |a Latein |0 (DE-588)4114364-4 |0 (DE-603)085341924 |2 gnd | |
| 650 | 7 | |a Lyrik |0 (DE-588)4036774-5 |0 (DE-603)085099805 |2 gnd | |
| 650 | 7 | |a Pest |0 (DE-588)4045326-1 |0 (DE-603)085127167 |2 gnd | |
| 651 | 7 | |a Szczecinek |0 (DE-588)502507-2 |0 (DE-603)041437160 |2 gnd | |
| 773 | 0 | 8 | |i Enthalten in |t Daphnis |d Leiden [u.a.] : Brill Rodopi, 1978- |h Online-Ressource |x 1879-6583 |g Band 43, Heft 1 (2015), Seite 73-96 |w (DE-603)079276997 |w (DE-600)1481780-9 |
| 924 | 1 | |9 2080 |a (DE-603)1021017140 |b DE-2080 |c HES |d d |g / | |


